Detalles MARC
| 000 -LÍDER |
| Campo fijo de descripción fija |
019220000a22003730004500 |
| 001 - NÚMERO DE CONTROL |
| Campo de control |
768714001 |
| 003 - IDENTIFICADOR DEL NÚMERO DE CONTROL |
| Campo de control |
CO-MdFUSB |
| 005 - FECHA Y HORA DE LA ULTIMA TRANSACCIÓN |
| control field |
20251001104527.0 |
| 007 - CAMPO FIJO DE DESCRIPCIÓN FIJA--INFORMACIÓN GENERAL |
| Campo fijo de descripción fija |
ta |
| 008 - ELEMENTOS DE LONGITUD FIJA -- INFORMACIÓN GENERAL |
| Campo fijo de descripción fija -- Información general |
160329t2005 -us||||g |||| 001 0 spa d |
| 020 ## - NÚMERO INTERNACIONAL NORMALIZADO PARA LIBROS |
| Número Internacional Normalizado del libro |
978-0-8054-4087-4 |
| 040 ## - FUENTE DE CATALOGACIÓN |
| Agencia de catalogación original |
CO-MdFUSB |
| Idioma de catalogación |
spa |
| Agencia que realiza la transcripción |
CO-MdFUSB |
| Agencia que realiza la modificación |
CO-MdFUSB |
| Convenciones de la descripción |
rda |
| 041 0# - CÓDIGO DE IDIOMA |
| Código de idioma para texto/pista de sonido o título separado |
spa |
| Código de idioma original |
eng |
| 082 ## - NÚMERO DE CLASIFICACIÓN DECIMAL DEWEY |
| Número de clasificación |
251 |
| Clave de autor-Numero de item |
O459g |
| Número de la edición del Dewey |
23 |
| 100 ## - ASIENTO PRINCIPAL--NOMBRE PERSONAL |
| Nombre personal |
Olford, Stephen F |
| Fechas asociadas con el nombre |
1918 - 2004 |
| Término relacionador |
autor |
| 240 ## - TITULO UNIFORME |
| Título uniforme |
<a href="Anointed Expository Preaching">Anointed Expository Preaching</a> |
| 245 00 - TÍTULO |
| Título del Material |
Guía de predicación expositiva |
| Mención de responsabilidad, etc. |
/ Stephen F Olford , traducido por Vicente Maldonado |
| 264 #1 - PRODUCCIÓN, PUBLICACIÓN, DISTRIBUCIÓN, MANUFACTURA, Y COPYRIGHT |
| Lugar de producción, publicación, distribución, manufactura |
Nashiville, Tennessee : |
| Nombre del productor, publicador, distribuidor |
: B& H Publishing Group |
| Fecha de producción, publicación, distribución, manufactura, o copyright |
[2005] |
| 264 #4 - PRODUCCIÓN, PUBLICACIÓN, DISTRIBUCIÓN, MANUFACTURA, Y COPYRIGHT |
| Fecha de producción, publicación, distribución, manufactura, o copyright |
©2005 |
| 300 ## - DESCRIPCIÓN FÍSICA |
| Extensión |
378 páginas |
| 336 ## - TIPO DE CONTENIDO |
| Término de tipo de contenido |
texto |
| Código de tipo de contenido |
txt |
| Fuente |
rdacontent |
| 337 ## - TIPO DE MEDIO |
| Nombre del tipo de medio |
sin mediación |
| Código del tipo de medio |
n |
| Fuente |
rdamedia |
| 338 ## - TIPO DE SOPORTE |
| Nombre del tipo de soporte |
volumen |
| Código Tipo de soporte |
nc |
| Fuente |
rdacarrier |
| 501 ## - NOTA DE “CON” |
| Nota de Contenido |
rústico |
| 504 ## - NOTA DE BIBLIOGRAFÍA, ETC. |
| Nota de bibliografía, etc |
Incluye referencias bibliográficas: páginas 363-376 |
| 505 ## - NOTA DE CONTENIDO |
| Nota de contenido con formato preestablecido |
La carrera a seguir: el predicador y el llamado de Dios, el predicador y la palabra de Dios, el predicador y la vida de Dios, el predicador y el hombre de Dios -- El trabajo que cumplir: el predicador y la exposición de Dios, el predicador y la preparación: selección, el predicador y la preparación: investigación, el predicador y la preparación: organización, el predicador y la preparación: finalización, el predicador y la comunicación -- La palabra que ha proclamarse: el predicador y la consagración, el predicador y la proclamación, el predicador y la comprensión, el predicador y la aplicación, el predicador y la invitación, el predicador y la inculcación, el predicador y la motivación. |
| 563 ## - NOTA DE ENCUADERNACIÓN |
| Nota de encuadernación |
Rústico |
| 650 #0 - ASIENTO SECUNDARIO DE MATERIA - TERMINO TEMÁTICO |
| 9 (RLIN) |
54 |
| Término temático o nombre geográfico como elemento de entrada |
Predicación |
| Término de relación |
Homilética |
| 700 ## - ASIENTO SECUNDARIO - NOMBRE PERSONAL |
| 9 (RLIN) |
53 |
| Nombre personal |
Olford, David L. (David Lindsay) |
| Responsabilidad |
coautor |
| 700 ## - ASIENTO SECUNDARIO - NOMBRE PERSONAL |
| 9 (RLIN) |
60 |
| Nombre personal |
Rogers, Adrian |
| Fechas asociadas con el nombre |
1931-2005 |
| Responsabilidad |
prefacio |
| 700 ## - ASIENTO SECUNDARIO - NOMBRE PERSONAL |
| 9 (RLIN) |
61 |
| Nombre personal |
Maldonado, Vicente |
| Responsabilidad |
traductor |
| 942 ## - TIPO DE MATERIAL (KOHA) |
| Tipo de Item KOHA |
Libros General |
| 945 ## - INFORMACIÓN LOCAL DEL REGISTRO |
| Catalogador |
Elías Tolentino |